000 01210nab a2200217 i 4500
001 170429
003 ES-MaACL
005 20231226161846.0
008 090304m18861887sp 000 0 spa d
100 1 _aSimarro Lacabra, Luis,
_d1851-1921
_9106463
245 1 0 _aMata y la medicina legal - Orfila y la toxicología - La ciencia médica y las teorías modernas ante los tribunales y la ley :
_b25ª conferencia [del ciclo "La España del siglo XIX", Ateneo Científico, Literario y Artístico de Madrid] /
_corador, Luis Simarro.
600 1 4 _aMata, Pedro,
_d1811-1877
_978886
600 1 4 _aOrfila y Rotger, Mateo (
_d1787-1853)
_9130684
610 2 4 _aAteneo de Madrid-
_vConferencias-
_yS.XIX.
_91910
610 2 4 _aAteneo de Madrid-
_vObras digitalizadas.
_91930
773 0 _tLa España del siglo XIX : colección de conferencias históricas celebradas durante el curso de 1885-86 [y curso de 1886-87],
_dMadrid : Librería de Don Antonio San Martín, 1886-1887,
_gT. 2, p. 521-560
_082158
_985194
_w82158
856 4 _uhttp://www.ateneodemadrid.com/biblioteca_digital/folletos/Folletos-0113.pdf
_zVer documento
942 _cANAM
_2udc
999 _c170429
_d170429